| 000 | 00552nam a2200157 i 4500 | ||
|---|---|---|---|
| 001 | 26973 | ||
| 003 | ES-MaACL | ||
| 007 | t| | ||
| 008 | 030113s1920 fr ||||1| fre d | ||
| 100 | 1 |
_aAshley, Percy. _923603 |
|
| 245 | 1 | 3 |
_aLe pouvoir central et les pouvoirs locuse _b: (Anglaterre, France, Prusse, Etats-Unis) / _cpar Percy Ashley ; traduit del anglais avec une préface del'autour par Louis Martin. |
| 260 |
_aParís : _bMarcel Giard, _c1920. |
||
| 300 |
_aXIV, 360 p. ; _c23 cm. |
||
| 700 | 1 |
_aMartin, Louis. _977338 |
|
| 852 |
_aES-MaACL _jB-3588 |
||
| 999 |
_c26973 _d26973 |
||